01310nam a2200325 a 4500001001100000003000800011006001900019007001500038008004100053010001700094020001500111020002200126040002100148035002100169050002300190082001700213100002400230245011700254260004400371300002400415490003400439504006400473533015200537650004200689650004700731655002900778710001700807830003500824856012500859ebr5001610CaPaEBRm u cr cn|||||||||910516s1992 enka sb 001 0 eng  z 91020993  z0415069688 z0415069696 (pbk.) aCaPaEBRcCaPaEBR a(OCoLC)22803979714aLA632b.W47 1992eb04a379.1/542201 aWilcox, B.q(Brian)10aTime-constrained evaluationh[electronic resource] :ba practical approach for LEAs and schools /cBrian Wilcox. aLondon ;aNew York :bRoutledge,c1992. axiv, 223 p. :bill.1 aEducational management series aIncludes bibliographical references (p. 212-218) and index. aElectronic reproduction.bPalo Alto, Calif. :cebrary,d2013.nAvailable via World Wide Web.nAccess may be limited to ebrary affiliated libraries. 0aEducationzGreat BritainxEvaluation. 0aEducational accountabilityzGreat Britain. 7aElectronic books.2local2 aebrary, Inc. 0aEducational management series.40uhttp://site.ebrary.com/lib/rucke/Doc?id=5001610zAn electronic book accessible through the World Wide Web; click to view